000 00548nam a22001817a 4500
003 UA-OsUOA
001 9843
007 ta
008 20041203b un ||||| |||| 00| 0 ukr d
100 _aПаславський О . Я .
942 _cSA
040 _aUA-OsUOA
_cUA-OsUOA
_dUA-OsUOA
245 _aІндивідуальний інвестор на фінансовому ринку України
300 _aС.47 - 54
955 _a0
773 0 _w0
_tФінанси України
_dКиїв
_d2004
_g№11
650 7 _aІнвестиції
_2UDC
999 _c296004
_d296004